Délmagyarország. - 1962. február 9., Péntek
Elmentve itt :
| Dokumentumtípus: | Újság |
|---|---|
| Megjelent: |
1962-02-09
|
| Sorozat: | Délmagyarország
52 No. 33 |
| Online Access: | http://dmarchiv.bibl.u-szeged.hu/15523 |
| LEADER | 00488nas a2200145 i 4500 | ||
|---|---|---|---|
| 001 | delm15523 | ||
| 005 | 20200414161239.0 | ||
| 008 | 171215s1962 hu n o 0|| hun d | ||
| 022 | |a 0133-025X | ||
| 040 | |a SZTE Délmagyarország Archívum |b hun | ||
| 041 | |a hun | ||
| 245 | 0 | 0 | |a Délmagyarország. - 1962. február 9., Péntek |h [elektronikus dokumentum] |
| 260 | |c 1962-02-09 | ||
| 490 | 0 | |a Délmagyarország |v 52 No. 33 | |
| 856 | 4 | 0 | |u http://dmarchiv.bibl.u-szeged.hu/15523/1/dm_1962_033.pdf |z Dokumentum-elérés |